000
002780000a22000970004500
100
1
_a
Conferencia Misionológica de Cali
245
1
0
_a
Evangélicos ante el Quinto Centenario
300
_a
Vol. 11, Num 2 (Abril-Junio, 1992) Páginas 30
773
0
_t
Iglesia y Misión
942
_c
ANA
999
_c
51962
_d
51962